000 00668nam a22002177a 4500
003 UA-OsUOA
001 137318
007 ta
008 20190513b un ||||| |||| 00| 0 ukr d
100 _aКотула А.
090 _a81
_bК73
942 _cSA
040 _aUA-OsUOA
_bukr
_cUA-OsUOA
_dUA-OsUOA
245 _aПорушення норм сучасної української літературної мови в текстах реклами
300 _aС.33-34
955 _a0
041 _aukr
080 _a81
773 0 _w137317
650 7 _a8 Мовознавство. Художня література. Літературознавство
_2UDC
999 _c410158
_d410158